Biodiversity and traditional knowledge : equitable partnerships in practice

Bibliographic Details
Other Authors: Laird, Sarah A.
Format: Book
Published: London Sterling, VA : Earthscan Publications , 2002
Series:People and plants conservation series
Subjects:

MARC

LEADER 00000cam a2200000 7i4500
001 0000003267
005 20050819.0
020 0 0 |a 1853836982 (pbk.) 
090 0 0 |a 333.95   |b BIO 
245 1 0 |a Biodiversity and traditional knowledge :   |b equitable partnerships in practice   |c edited by Sarah A. Laird. 
260 0 0 |a London   |a Sterling, VA :   |b Earthscan Publications ,   |c 2002 
300 |a xxxix, 504 p. :   |b ill. ;   |c 24 cm. 
440 0 0 |a People and plants conservation series 
650 0 0 |a Biological diversity. 
650 0 0 |a Germplasm resources 
700 1 1 |a Laird, Sarah A. 
999 |a 0000006215   |b Monograph   |c Open Shelf   |e Default branch